书目信息 |
| 题名: |
历史大变局
|
|
| 作者: | 龚鹏程 主编 | |
| 分册: | 下 | |
| 出版信息: | 杭州 浙江文艺出版社 2023 |
|
| 页数: | 679-1020页 | |
| 开本: | 24cm | |
| 丛书名: | 澄心文化·人文中国 | |
| 单 册: | ||
| 中图分类: | K209 , I212.01 | |
| 科图分类: | ||
| 主题词: | 中国历史--通俗读物 , 中国文学--古典文学--作品集 | |
| 电子资源: | ||
| ISBN: | 978-7-5339-6803-8 | |
| 000 | 00960nam0 2200289 450 | |
| 001 | 011988475 | |
| 005 | 20240910045538.8 | |
| 010 | @a978-7-5339-6803-8@b精装@dCNY96.00 | |
| 100 | @a20220930d2023 em y0chiy0120 ea | |
| 101 | 0 | @achi |
| 102 | @aCN@b330000 | |
| 105 | @aa z 001zy | |
| 106 | @ar | |
| 200 | 1 | @a历史大变局@9li shi da bian ju@e形塑中国三千年@h下@f龚鹏程主编 |
| 210 | @a杭州@c浙江文艺出版社@d2023 | |
| 215 | @a679-1020页@c照片,图@d24cm | |
| 225 | @a澄心文化·人文中国 | |
| 300 | @a澄心文化·人文中国 | |
| 330 | @a本书收录《进本草纲目疏》《译几何原本引》《即位诏》《上摄政王启》《与荷兰守将书》等从明中期到清末的文章。书中依照简介、原点、译文、背景说明、影响五大块解析相关文章。 | |
| 586 | @a | |
| 606 | 0 | @a中国历史@j通俗读物 |
| 606 | 0 | @a中国文学@x古典文学@x作品集 |
| 690 | @aK209@v5 | |
| 690 | @aI212.01@v5 | |
| 701 | 0 | @a龚鹏程@9gong peng cheng@4主编 |
| 801 | 0 | @aCN@c20240910 |
| 905 | @dK209@eG386:3@f1@sK209/G386:3@S@Z | |
| 历史大变局:形塑中国三千年.下/龚鹏程主编.-杭州:浙江文艺出版社,2023 |
| 679-1020页:照片,图;24cm.-(澄心文化·人文中国) |
| 澄心文化·人文中国 |
| ISBN 978-7-5339-6803-8(精装):CNY96.00 |
| 本书收录《进本草纲目疏》《译几何原本引》《即位诏》《上摄政王启》《与荷兰守将书》等从明中期到清末的文章。书中依照简介、原点、译文、背景说明、影响五大块解析相关文章。 |
| ● |
| 相关链接 |
|
|
|
正题名:历史大变局
索取号:K209/G386:3
 
预约/预借
| 序号 | 登录号 | 条形码 | 馆藏地/架位号 | 状态 | 备注 |
| 1 | 21620148 | 216201483 | 社科库309/309社科库 31排4列1层/ [索取号:K209/G386:3] | 在馆 |